[Event "AUTO-OPEN-1451"]
[Site "http://www.queenalice.com/game.php?id=544410"]
[Date "2009.2.21"]
[Round "1"]
[White "Eunice_123"]
[Black "odin2"]
[Result "1-0"]
[WhiteElo "1964"]
[BlackElo "1768"]

1. e4 e5 2. Nf3 Nc6 3. Bc4 Nf6 4. Ng5 d5 5. exd5 Na5 6. Qe2 Nxc4 7. Qxc4 Nxd5 8.
Nc3 Be6 9. Nxe6 fxe6 10. O-O Be7 11. Re1 O-O 12. Rxe5 Bd6 13. Rxe6 c6 14. d3 Kh8
15. Nxd5 cxd5 16. Qd4 Rc8 17. Bh6 Qc7 18. Rxd6 Rcd8 19. Rxd8 Rxd8 20. Re1 Qf7
21. Bg5 Re8 22. Rxe8+ Qxe8 23. Qe3 1-0

[Event "AUTO-OPEN-1451"]
[Site "http://www.queenalice.com/game.php?id=544427"]
[Date "2009.2.21"]
[Round "1"]
[White "Be0wulf"]
[Black "Eunice_123"]
[Result "0-1"]
[WhiteElo "1759"]
[BlackElo "1976"]

1. d4 d5 2. Nf3 Nf6 3. c4 c6 4. e3 Bf5 5. Nc3 e6 6. Bd3 Bg6 7. Ne5 Nbd7 8. cxd5
cxd5 9. Bxg6 hxg6 10. Qa4 Bd6 11. Nf3 a6 12. Bd2 b5 13. Qd1 Nb6 14. b3 Rc8 15.
O-O Qc7 16. Qe2 Bxh2+ 17. Kh1 Ng4 18. g3 Bxg3+ 19. Kg2 Bd6 20. Rh1 Ke7 21. Ng5
Nf6 22. a3 Rxh1 23. Rxh1 Bxa3 24. Nb1 Bd6 25. Rc1 Qb7 26. Rxc8 Qxc8 27. Ba5 Nbd7
28. Nc3 Qh8 29. f4 Qh5 30. Qc2 Ng4 31. Qe2 Qh2+ 32. Kf3 Qxe2+ 33. Kxe2 f6 34.
Nf3 Nh6 35. Nh4 Kf7 36. Kf3 Nf5 0-1

[Event "AUTO-OPEN-1451"]
[Site "http://www.queenalice.com/game.php?id=544428"]
[Date "2009.2.21"]
[Round "1"]
[White "Eunice_123"]
[Black "Be0wulf"]
[Result "1-0"]
[WhiteElo "1983"]
[BlackElo "1752"]

1. e4 c5 2. Nc3 Nc6 3. f4 d6 4. g3 Nf6 5. Bg2 e5 6. d3 Bg4 7. Nf3 Bxf3 8. Bxf3
Nd4 9. Be3 Rc8 10. f5 h6 11. O-O h5 12. Bxd4 cxd4 13. Ne2 Qb6 14. Rb1 Be7 15.
Kh1 Ng4 16. Bxg4 hxg4 17. Ng1 Bf6 18. Rf2 Qa5 19. Qxg4 Qxa2 20. Qd1 a6 21. Nf3
Kd7 22. Qc1 Qa5 23. g4 Rh3 24. g5 Be7 25. Kg2 Rh5 26. h4 f6 27. Qd1 fxg5 28.
Nxe5+ Qxe5 29. Qxh5 gxh4 30. Qg4 Bf6 31. Qg6 Kc7 32. c3 dxc3 33. Qf7+ Kb8 34.
bxc3 Qg3+ 35. Kh1 Rc7 36. Qa2 h3 37. d4 Qe3 38. Qe2 1-0

[Event "AUTO-OPEN-1298"]
[Site "http://www.queenalice.com/game.php?id=548437"]
[Date "2009.3.1"]
[Round "2"]
[White "Eunice_123"]
[Black "mauriciov"]
[Result "0-1"]
[WhiteElo "1926"]
[BlackElo "2425"]

1. e4 e5 2. Nf3 Nf6 3. Bc4 Nxe4 4. Qe2 d5 5. Nxe5 Be6 6. Bd3 Bd6 7. Bxe4 Bxe5 8.
Bxh7 Nc6 9. Bd3 Rxh2 10. Rxh2 Bxh2 11. g3 Nd4 12. Qh5 Qf6 13. Qh8+ Kd7 14. Qxa8
Qe5+ 0-1

[Event "AUTO-OPEN-1298"]
[Site "http://www.queenalice.com/game.php?id=548438"]
[Date "2009.3.1"]
[Round "2"]
[White "mauriciov"]
[Black "Eunice_123"]
[Result "1-0"]
[WhiteElo "2427"]
[BlackElo "1996"]

1. e4 c5 2. Nf3 e6 3. Nc3 Nc6 4. d4 cxd4 5. Nxd4 Bc5 6. Ndb5 Qb6 7. Qf3 a6 8.
Na4 Qa5+ 9. Bd2 Qxa4 10. Nc7+ Ke7 11. Nxa8 Nd4 12. Qc3 Nxc2+ 13. Ke2 Qxe4+ 14.
Kd1 Nxa1 15. Qxc5+ d6 16. Qxc8 Qb1+ 17. Qc1 1-0

[Event "AUTO-OPEN-1298"]
[Site "http://www.queenalice.com/game.php?id=548439"]
[Date "2009.3.1"]
[Round "2"]
[White "Eunice_123"]
[Black "SacMaster"]
[Result "1-0"]
[WhiteElo "1983"]
[BlackElo "2056"]

1. e4 c5 2. Nc3 d6 3. f4 g6 4. g3 Bg7 5. Nge2 Nc6 6. Bg2 e6 7. O-O Nge7 8. d3
O-O 9. Be3 Nd4 10. Bxd4 cxd4 11. Nb5 Nc6 12. c3 dxc3 13. Nbxc3 Nd4 14. Nxd4
Bxd4+ 15. Kh1 Bd7 16. Qd2 Rc8 17. Ne2 Bg7 18. g4 f5 19. g5 Qb6 20. Rab1 Bc6 21.
Ng3 Rc7 22. h4 Rfc8 23. h5 Ba4 24. hxg6 hxg6 25. exf5 gxf5 26. Qe2 d5 27. Nh5
Bd4 28. g6 Rc2 29. Qf3 Qc6 30. Qh3 Qe8 31. Rg1 Qe7 32. Bxd5 Bxg1 33. Rxg1 Rc1
34. Nf6+ Kg7 35. Qh7+ 1-0

[Event "AUTO-OPEN-1298"]
[Site "http://www.queenalice.com/game.php?id=548440"]
[Date "2009.3.1"]
[Round "2"]
[White "SacMaster"]
[Black "Eunice_123"]
[Result "1-0"]
[WhiteElo "2054"]
[BlackElo "1980"]

1. e4 c5 2. Nf3 e6 3. d3 Nc6 4. g3 a6 5. Bg2 b5 6. O-O Bb7 7. Re1 Nf6 8. Nbd2
Be7 9. Nf1 O-O 10. h4 d5 11. e5 Nd7 12. Bf4 Rc8 13. N1h2 Qb6 14. Ng5 Bxg5 15.
hxg5 c4 16. Ng4 cxd3 17. cxd3 Nb4 18. Nf6+ Nxf6 19. gxf6 Rc2 20. Be3 d4 21. Bh6
1-0

[Event "AUTO-ADV-1153"]
[Site "http://www.queenalice.com/game.php?id=559835"]
[Date "2009.3.22"]
[Round "2"]
[White "E62576507"]
[Black "Eunice_123"]
[Result "1-0"]
[WhiteElo "2122"]
[BlackElo "1985"]

1. e4 d6 2. d3 g6 3. g3 e5 4. Bg2 c6 5. f4 Bg7 6. Nc3 f5 7. Nge2 Nf6 8. O-O O-O
9. h3 Be6 10. Be3 Nbd7 11. Qd2 Kh8 12. b4 b5 13. a4 a6 14. exf5 Bxf5 15. g4 exf4
16. Bxf4 Qb6+ 17. Kh1 c5 18. bxc5 Nxc5 19. Bxa8 Rxa8 20. gxf5 1-0

[Event "AUTO-ADV-1153"]
[Site "http://www.queenalice.com/game.php?id=559839"]
[Date "2009.3.22"]
[Round "2"]
[White "Eunice_123"]
[Black "captainslog"]
[Result "1-0"]
[WhiteElo "1980"]
[BlackElo "1972"]

1. e4 e6 2. d4 d5 3. exd5 Qxd5 4. c3 c5 5. Nf3 Nf6 6. Bd3 c4 7. Bc2 Be7 8. Bg5
h6 9. Bxf6 Bxf6 10. Nbd2 b5 11. Be4 1-0

[Event "AUTO-ADV-1153"]
[Site "http://www.queenalice.com/game.php?id=559840"]
[Date "2009.3.22"]
[Round "2"]
[White "captainslog"]
[Black "Eunice_123"]
[Result "1/2-1/2"]
[WhiteElo "1938"]
[BlackElo "1987"]

1. c4 c5 2. Nc3 Nc6 3. g3 e6 4. Nf3 g6 5. Bg2 Bg7 6. O-O Nge7 7. d3 O-O 8. Bd2
a6 9. Rb1 d5 10. cxd5 exd5 11. Bg5 Be6 12. e4 d4 13. Nd5 Bxd5 14. exd5 Qxd5 15.
Bxe7 Nxe7 16. Nd2 Qd7 17. Nc4 Rad8 18. Re1 b5 19. Ne5 Qc7 20. Nf3 Nd5 21. Qd2 h6
22. h4 Qd6 23. Rbc1 Rfe8 24. a3 Rxe1+ 25. Rxe1 Kh7 26. Qc1 Nb6 27. Nd2 1/2-1/2

[Event "AUTO-OPEN-1292"]
[Site "http://www.queenalice.com/game.php?id=573943"]
[Date "2009.4.18"]
[Round "2"]
[White "Eunice_123"]
[Black "Warrior"]
[Result "0-1"]
[WhiteElo "2002"]
[BlackElo "2020"]

1. e4 c5 2. d3 Nc6 3. g3 Nf6 4. Bg2 d6 5. f4 g6 6. Nf3 Bg7 7. c3 O-O 8. Be3 Bg4
9. Nbd2 e5 10. h3 Bxf3 11. Nxf3 exf4 12. Bxf4 Nh5 13. Qe2 Nxf4 14. gxf4 Re8 15.
O-O-O Qa5 16. Kb1 b5 17. Nh4 b4 18. e5 Qc7 19. d4 bxc3 20. b3 cxd4 0-1

[Event "AUTO-OPEN-1451"]
[Site "http://www.queenalice.com/game.php?id=634616"]
[Date "2009.8.11"]
[Round "2"]
[White "Eunice_123"]
[Black "kingdave"]
[Result "0-1"]
[WhiteElo "1972"]
[BlackElo "1929"]

1. e4 c5 2. d3 Nc6 3. g3 d5 4. Nc3 d4 5. Nce2 e5 6. f4 Bd6 7. Nf3 Bg4 8. Bg2 h6
9. O-O g6 10. h3 Be6 11. g4 exf4 0-1

[Event "AUTO-OPEN-1451"]
[Site "http://www.queenalice.com/game.php?id=634617"]
[Date "2009.8.11"]
[Round "2"]
[White "kingdave"]
[Black "Eunice_123"]
[Result "1-0"]
[WhiteElo "1939"]
[BlackElo "1954"]

1. e4 c5 2. Nf3 e6 3. d4 cxd4 4. Nxd4 Bc5 5. Be3 Qb6 6. b3 Nc6 7. c3 e5 8. Nxc6
Bxe3 9. Qe2 Bxf2+ 10. Qxf2 Qxf2+ 11. Kxf2 bxc6 12. Bc4 Nf6 13. Re1 Bb7 14. Kg1
O-O 15. Nd2 d5 16. exd5 cxd5 17. Bf1 Rfe8 18. Nf3 e4 19. Nd4 Rac8 20. Nb5 Re6
21. Nxa7 Rxc3 22. Rac1 Rxc1 23. Rxc1 Re7 24. Nb5 Ba6 25. Nd6 1-0

[Event "Challenge"]
[Site "http://www.queenalice.com/game.php?id=714939"]
[Date "2010.1.16"]
[Round "-"]
[White "Eunice_123"]
[Black "A19_applelover"]
[Result "1-0"]
[WhiteElo "1937"]
[BlackElo "1100"]

1. e4 c5 2. d3 e6 3. f4 d5 4. e5 Nc6 5. Nf3 f6 6. c3 fxe5 7. fxe5 d4 8. Bf4 g6
9. Be2 Bg7 10. O-O Nge7 11. c4 O-O 12. g3 b6 13. Nbd2 Bb7 14. Ng5 Qd7 15. Bg4
Bxe5 16. Bxe6+ Qxe6 17. Nxe6 Bxf4 18. Nxf8 Rxf8 19. Rxf4 Nf5 20. Nf1 Ne5 21. Qe2
Nf3+ 22. Rxf3 Bxf3 23. Qxf3 a6 24. Re1 b5 25. cxb5 axb5 26. Qd5+ Kh8 27. Qxc5
Rg8 28. Qxb5 h5 29. Re8 Rxe8 30. Qxe8+ Kh7 31. a4 Kh6 32. a5 Kg5 33. h4+ Kh6 34.
Qh8# 1-0